Otro destino para Fedra / (Record no. 184751)

MARC details
000 -LEADER
campo de control de longitud fija 00848nam a2200241 i 4500
001 - NÚMERO DE CONTROL
campo de control 184751
003 - IDENTIFICADOR DE NÚMERO DE CONTROL
campo de control ES-MaACL
005 - FECHA Y HORA DE LA ÚLTIMA TRANSACCIÓN
campo de control 20231127112321.0
008 - DATOS DE LONGITUD FIJA--INFORMACIÓN GENERAL
campo de control de longitud fija 151127s2015 sp |||| | spa d
020 ## - NÚMERO INTERNACIONAL ESTÁNDAR DEL LIBRO
Número Internacional Estándar del Libro 978-84-943883-3-0
080 ## - NÚMERO DE LA CLASIFICACIÓN DECIMAL UNIVERSAL
Número de la Clasificación Decimal Universal 821.134.2-31"19"
100 1# - ENTRADA PRINCIPAL--NOMBRE DE PERSONA
Nombre de persona Madrigal, Alfonso
Títulos y otros términos asociados al nombre (seud.)
9 (RLIN) 142376
245 10 - MENCIÓN DEL TÍTULO
Título Otro destino para Fedra /
Mención de responsabilidad, etc. Alfonso Madrigal.
260 ## - PUBLICACIÓN, DISTRIBUCIÓN, ETC.
Lugar de publicación, distribución, etc. Salobreña, Granada :
Nombre del editor, distribuidor, etc. Alhulia,
Fecha de publicación, distribución, etc. [2015]
300 ## - DESCRIPCIÓN FÍSICA
Extensión 219 p. ;
Dimensiones 21 cm.
490 1# - MENCIÓN DE SERIE
Mención de serie Crisálida narrativa ;
Designación de volumen o secuencia 185
830 0# - PUNTO DE ACCESO ADICIONAL DE SERIE-TÍTULO UNIFORME
Título uniforme Crisálida narrativa ;
Designación de volumen o secuencia 185
9 (RLIN) 191393
852 ## - LOCALIZACIÓN
Ubicación ES-MaACL
Número de control de estantería A-13654
itemnumber 191763
Sublocalización o colección R.150950
Ubicación en estantería Depósito 1
Signatura antigua Olim: N-6654
Anotaciones manuscritas Dedicatoria autógrafa del autor
Donativo/Legado Donación: Alfonso Madrigal
903 ## - NOMBRE PERSONAL DE DONANTE
9 142376
a Madrigal, Alfonso
c (seud.)
e Donante
942 ## - ELEMENTOS DE ENTRADA SECUNDARIOS (KOHA)
Fuente del sistema de clasificación o colocación Clasificación decimal universal
Tipo de ítem Koha Libro impreso
Holdings
Estatus retirado Estado de pérdida Fuente del sistema de clasificación o colocación Estado de daño No para préstamo Colección Biblioteca de origen Biblioteca actual Ubicación en estantería Fecha de adquisición Fuente de adquisición Total de préstamos Signatura topográfica completa Código de barras Visto por última vez Precio de reemplazo Tipo de ítem Koha Nota pública
    Clasificación decimal universal     Libros con dedicatorias Biblioteca del Ateneo de Madrid Biblioteca del Ateneo de Madrid Depósito 1 27/11/2015 Donación   A-13654 1194534 23/02/2023 23/02/2023 Libro impreso Dedicatoria autógrafa del autor